000 00663nam a2200181Ia 4500
008 151202s9999||||xx |||||||||||||| ||und||
082 _bPNVM-64442
100 _aघाटे निरंजन.
245 _aअमेरीकन चित्रपटसृष्टी.
260 _b"प्राजक्त प्रकाशन,पुणे."
260 _c64442
300 _a0
600 _aघाटे निरंजन.
630 _aअमेरीकन चित्रपटसृष्टी.
700 _aघाटे निरंजन.
730 _aअमेरीकन चित्रपटसृष्टी.
942 _cBOOK
999 _c1330975
_d1330972